Normal view
MARC view
- Satpathy Shivani
Entry Personal Name
001 - CONTROL NUMBER
- control field: 183992
003 - CONTROL NUMBER IDENTIFIER
- control field: OSt
005 - DATE AND TIME OF LATEST TRANSACTION
- control field: 20230605085102.0
008 - FIXED-LENGTH DATA ELEMENTS
- fixed length control field: 230605|| aca||aabn | a|a d
040 ## - CATALOGING SOURCE
- Original cataloging agency: OSt
- Transcribing agency: OSt
100 ## - HEADING--PERSONAL NAME
- Personal name: Satpathy Shivani
670 ## - SOURCE DATA FOUND
- Source citation: Work cat.: (OSt)161665: Satpathy Shivani., Landscape Design Proposal For Reviving The Banks River Mutha Pune (From Rajaram Bridge To Mhatre Bridge). .-- .--, 2019